Toutes les villes des Pays-Bas avec plus de 100 000 habitants - Statistics

General Stats
  • This quiz has been taken 22 times
  • The average score is 8 of 32
Answer Stats
Population Ville % Correct
935 800 Amsterdam
100%
672 300 Rotterdam
90%
376 400 Utrecht
75%
568 400 La Haye
70%
249 100 Eindhoven
55%
125 600 Maastricht
45%
244 800 Groningue
40%
169 400 Arnhem
30%
188 800 Breda
30%
112 900 Alkmaar
25%
161 500 Bois-le-Duc
20%
110 200 Delft
20%
133 800 Zwolle
20%
229 600 Almere
15%
122 800 Dordrecht
15%
130 600 Leyde
15%
230 400 Tilbourg
15%
163 300 Amersfoort
10%
104 300 Deventer
10%
167 800 Haarlem
10%
130 000 Leeuwarden
10%
104 000 Venlo
10%
109 700 Emmen
5%
162 300 Enschede
5%
189 000 Nimège
5%
162 800 Zaanstad
5%
115 800 Alphen-sur-le-Rhin
0%
168 600 Apeldoorn
0%
124 200 Ede
0%
165 300 Haarlemmermeer
0%
116 900 Westland
0%
129 900 Zoetermeer
0%
No matching quizzes found
Score Distribution
Percent of People with Each Score
Percentile by Number Answered
Your Score History
You have not taken this quiz